Estado de la nación en desarrollo humano sostenible: un análisis amplio y objetivo sobre la Costa Rica que tenemos a partir de los incidicadores más actuales (2009) : informe 16.

Bewaard in:
Bibliografische gegevens
Formaat: Boek
Taal:Spanish
Gepubliceerd in: San José , Costa Rica: El Programa 2010
Onderwerpen:
Tags: Voeg label toe
Geen labels, Wees de eerste die dit record labelt!

MARC

LEADER 00000nam a2200000Ia 4500
003 000303
005 20221231143841.0
008 140116s2010 cr a 000 ||spa d
040 |c cru CEDI 
082 |a 338.972.86 E79e 
245 |a Estado de la nación en desarrollo humano sostenible: un análisis amplio y objetivo sobre la Costa Rica que tenemos a partir de los incidicadores más actuales (2009) : informe 16. 
260 |c 2010  |a San José , Costa Rica: El Programa  
300 |c 380 páginas ; ilustraciones a color 
650 |x DESARROLLO HUMANO - COSTA RICA - INFORMES   |x DESARROLLO SOSTENIBLE   |x DESARROLLO HUMANO  |9 20598 
942 |2 ddc  |c BK 
999 |c 13202  |d 13202